000 00293nam a2200145Ia 4500
100 _aWood/ Charles A
942 _cBK
654 _aComputer
245 _aVisual J++
260 _bGalgotia
_aNew Delhi
_c1996
082 _a005.133V
_bWOO
300 _a603
546 _aENGLISH
999 _c30172
_d30172